Music Quiz

Random Music or Song Quiz
Score 0/54 Timer 20:00
0 Plays Today
% Correct
SUMMER
83.7%
BOOGIE
79.4%
THUG LIFE
77.5%
SWEET
76.1%
GOLD
69.4%
STAR
68.4%
RENTAL
68.4%
SWAMP
64.6%
HOTTIE
64.1%
QUEER
59.3%
JUNKY
57.9%
GUMMY
56.9%
HONEY
56.9%
HEAT
56.5%
TEAM
54.1%
BLEACH
54.1%
TRIP
53.6%
WHERE THE CASH AT
53.1%
ZIPPER
53.1%
JOHNNY
52.2%
SOMETHING ABOUT HIM
50.2%
JESUS
48.8%
FABRIC
47.4%
J'OUVERT
46.4%
DISTRICT
45.9%
BUMP
45.9%
TOKYO
45.9%
% Correct
FAKE
45.5%
VIVID
45.5%
CHICK
44.5%
MILK
44%
WASTE
44%
SUNNY
43.5%
TONYA
42.1%
JELLO
41.6%
SAN MARCOS
41.6%
SISTER
41.6%
LIQUID
41.6%
BOYS
41.1%
WEIGHT
40.7%
CASH
39.7%
ALASKA
39.2%
FIGHT
38.3%
STUPID
37.3%
GAMBA
34.9%
TEETH
34.9%
BANK
34%
NEW ORLEANS
33%
TAPE
31.6%
STAINS
31.6%
2PAC
31.6%
FACE
31.6%
SWIM
27.3%
BERLIN
27.3%
Come Together.
Have Fun.
All Virtual.
We all need to come together. Play Sporcle's virtual live trivia to have fun, connect with people, and get your trivia on. Join a live hosted trivia game for your favorite pub trivia experience done virtually. If a virtual private party is more your thing, go here for details.

You're not logged in!

Compare scores with friends on all Sporcle quizzes.
OR
Log In

Sporcle TV

Today on Sporcle TV


Watch our educational content, quiz creation guides, and fun videos on Sporcle TV.

Show Comments

Extras

Top Quizzes Today


Score Distribution

Paid Content

Your Account Isn't Verified!

In order to create a playlist on Sporcle, you need to verify the email address you used during registration. Go to your Sporcle Settings to finish the process.

Report this User

Report this user for behavior that violates our Community Guidelines.

Details: